00736nam a2200205Ia 4500001000900000003000500009008004100014010001100055040000900066100003000075245012700105260008700232300001800319410003600337650002300373650002800396700000500424700002900429710007200458Para_323CHAP220125s1987 xx 000 0 und d a199078 cCHAP aAvila Marioni, Mario Rene aMijo perla :b un forraje para el área de General Angel Trias-Satevo /c por Mario Rene Avila Marioni y Arturo Gomez S aCuauhtémoc, Chih. :b INIFAP. Campo Agrícola Experimental Sierra de Chihuahua a1 h. plegable adesplegable para productores; 5 aMijo x Chihuahua  aMijo perla como forraje a aGómez Saucedo, Arturo  aINIFAP. México. Campo Agrícola Experimental Sierra de Chihuahua